Professor A. M. Malyshenko IS 70; Bulletin of the Tomsk Polytechnic University; Vol. 311, № 5
| Parent link: | Bulletin of the Tomsk Polytechnic University/ Tomsk Polytechnic University (TPU).— , 2006-2007 Vol. 311, № 5.— 2007.— [P. 127-129] |
|---|---|
| Summary: | Заглавие с титульного листа Электронная версия печатной публикации |
| Language: | English |
| Published: |
2007
|
| Series: | Anniversaries |
| Subjects: | |
| Online Access: | http://www.lib.tpu.ru/fulltext/v/Bulletin_TPU/2007/v311eng/i5/29.pdf |
| Format: | Electronic Book Chapter |
| KOHA link: | https://koha.lib.tpu.ru/cgi-bin/koha/opac-detail.pl?biblionumber=183105 |
MARC
| LEADER | 00000nla2a2200000 4500 | ||
|---|---|---|---|
| 001 | 183105 | ||
| 005 | 20231031171451.0 | ||
| 035 | |a (RuTPU)RU\TPU\book\198484 | ||
| 035 | |a RU\TPU\book\198483 | ||
| 090 | |a 183105 | ||
| 100 | |a 20100701d2007 k y0rusy50 ca | ||
| 101 | 1 | |a eng |c rus | |
| 102 | |a RU | ||
| 135 | |a drnn ---uucaa | ||
| 200 | 1 | |a Professor A. M. Malyshenko IS 70 |b Electronic resource | |
| 203 | |a Text |c electronic | ||
| 215 | |a 1 файл (336 Кб) | ||
| 225 | 1 | |a Anniversaries | |
| 230 | |a Электронные текстовые данные (1 файл : 336 Кб) | ||
| 300 | |a Заглавие с титульного листа | ||
| 300 | |a Электронная версия печатной публикации | ||
| 337 | |a Adobe Reader | ||
| 461 | 1 | |0 (RuTPU)RU\TPU\book\169973 |t Bulletin of the Tomsk Polytechnic University |f Tomsk Polytechnic University (TPU) |d 2006-2007 | |
| 463 | 1 | |0 (RuTPU)RU\TPU\book\198425 |t Vol. 311, № 5 |v [P. 127-129] |d 2007 |p 132 p. | |
| 600 | 1 | |a Malyshenko |b A. M. |c Russian scientist |c Full member of International Higher Education Academy of Sciences |f 1937- |g Aleksander Maksimovich |c Corresponding member of Academy of Electrotechnical Sciences |c Honoured professor of TPU |y Томск |x TPU |2 stltpush |3 (RuTPU)RU\TPU\pers\26472 | |
| 610 | 1 | |a труды учёных ТПУ | |
| 610 | 1 | |a электронный ресурс | |
| 801 | 1 | |a RU |b 63413507 |c 20090623 |g PSBO | |
| 801 | 2 | |a RU |b 63413507 |c 20120418 |g PSBO | |
| 856 | 4 | |u http://www.lib.tpu.ru/fulltext/v/Bulletin_TPU/2007/v311eng/i5/29.pdf | |
| 942 | |c CF | ||